| 000 | 00534cam a2200181ua 4500 | ||
|---|---|---|---|
| 020 |
_a81-239-0483-5 _c295.00 |
||
| 041 |
_aeng _h |
||
| 082 |
_a531.56 _bWIL/PO |
||
| 100 | _aWills, R.B.H . | ||
| 245 |
_aPost harvest: An introduction to the physiology and handling of fruits and vegetables / _cR.B.H.Wills. _hTextual Documents |
||
| 260 |
_aNew Delhi : _bC B S Publishers & Distributers , _c1996. |
||
| 300 | _a174 ; . | ||
| 365 | _a295.00 | ||
| 500 | _a**Reference | ||
| 504 | _a | ||
| 942 | _cBK | ||
| 999 |
_c10448 _d10448 |
||